[Event "Aust Junior Open "]
[Site "Perth "]
[Date "2004.01.21"]
[Round "8.23"]
[White "Levin, Joshua"]
[Black "Tse, Jeffrey"]
[Result "1-0"]
[WhiteElo "1464"]
[BlackElo "1337"]
[PlyCount "67"]
[EventDate "2004.01.14"]
[EventType "swiss"]
[EventRounds "11"]
[EventCountry "AUS"]

1. e4 e6 2. d4 d5 3. e5 c5 4. c3 Nc6 5. Nf3 Qb6 6. a3 c4 7. g3 Bd7 8. Bg2 Nge7
9. O-O Ng6 10. Nbd2 Na5 11. Ne1 Nb3 12. Nxb3 Ba4 13. Qd2 Bxb3 14. Nc2 Be7 15.
f4 O-O 16. Ne3 Rfd8 17. f5 exf5 18. Bxd5 Bg5 19. Bxf7+ Kxf7 20. Rxf5+ Bf6 21.
exf6 gxf6 22. Qf2 Rd6 23. Nd5 Qd8 24. Bg5 Rxd5 25. Rxf6+ Kg8 26. Rxg6+ hxg6 27.
Bxd8 Rdxd8 28. Qf6 Rd7 29. Qxg6+ Rg7 30. Qe6+ Rf7 31. Rf1 Raf8 32. d5 Kg7 33.
Rxf7+ Rxf7 34. d6 1-0

[Event "Aust Junior Open "]
[Site "Perth "]
[Date "2004.01.21"]
[Round "8.24"]
[White "Chu, Louis"]
[Black "Haselgrove, Miles"]
[Result "1/2-1/2"]
[WhiteElo "1125"]
[BlackElo "1434"]
[PlyCount "81"]
[EventDate "2004.01.14"]
[EventType "swiss"]
[EventRounds "11"]
[EventCountry "AUS"]

1. e4 c5 2. Nc3 Nc6 3. f4 e6 4. Nf3 g6 5. Bb5 Qc7 6. d3 a6 7. Bxc6 Qxc6 8. O-O
Bg7 9. Qe1 Ne7 10. Bd2 b5 11. Rb1 Bb7 12. Qh4 d6 13. Ne2 Qc7 14. Ng3 O-O-O 15.
Ne2 d5 16. e5 Nf5 17. Qe1 Qc6 18. d4 h5 19. Ba5 Rde8 20. Qc3 Bf8 21. Ng5 Nh6
22. a3 Kb8 23. b4 c4 24. Qb2 Qd7 25. Ra1 Bc6 26. Nc3 Nf5 27. Rfd1 Qa7 28. Nf3
Bh6 29. Ne2 Reg8 30. Rab1 g5 31. a4 gxf4 32. axb5 Bxb5 33. Rf1 c3 34. Qxc3 Bxe2
35. Rf2 Bxf3 36. b5 axb5 37. Bc7+ Qxc7 38. Rxb5+ Ka8 39. Qxc7 Nxd4 40. Qc5 Be4
41. Qxd4 {...} 1/2-1/2

[Event "Aust Junior Open "]
[Site "Perth "]
[Date "2004.01.21"]
[Round "8.25"]
[White "Holland, Denis"]
[Black "van Dijk, Devrim"]
[Result "0-1"]
[WhiteElo "1531"]
[BlackElo "1530"]
[PlyCount "90"]
[EventDate "2004.01.14"]
[EventType "swiss"]
[EventRounds "11"]
[EventCountry "AUS"]

1. e4 e5 2. Nc3 Nf6 3. Bc4 Nc6 4. d3 Bb4 5. Nge2 d5 6. exd5 Nxd5 7. O-O Be6 8.
Nxd5 Bxd5 9. Bxd5 Qxd5 10. a3 Be7 11. Be3 O-O-O 12. Qd2 f5 13. Bg5 h6 14. Bxe7
Nxe7 15. Rfd1 g5 16. c4 Qd7 17. d4 f4 18. d5 e4 19. Nd4 f3 20. Ne6 Kb8 21. Qd4
Rdg8 22. Qxe4 fxg2 23. Rd3 h5 24. Rad1 Nc8 25. c5 Rh6 26. Qb4 Qf7 27. a4 Rf6
28. Qd2 g4 29. b4 h4 30. Kxg2 Rf3 31. Qe2 Rg6 32. Rf1 Rgf6 33. Rdd1 Qh5 34. Qd2
g3 35. fxg3 hxg3 36. hxg3 Qg4 37. Rxf3 Qxf3+ 38. Kg1 Rg6 39. Nf4 Rxg3+ 40. Kh2
Qg4 41. Ng2 Rxg2+ 42. Qxg2 Qxd1 43. Qg8 Qxa4 44. Qd8 Qxb4 45. d6 cxd6 0-1

[Event "Aust Junior Open "]
[Site "Perth "]
[Date "2004.01.21"]
[Round "8.26"]
[White "Vinciguerra, Andrew"]
[Black "Maguire, Jesse"]
[Result "1/2-1/2"]
[WhiteElo "1176"]
[BlackElo "1321"]
[PlyCount "60"]
[EventDate "2004.01.14"]
[EventType "swiss"]
[EventRounds "11"]
[EventCountry "AUS"]

1. e4 g6 2. d4 d6 3. Nf3 Bg7 4. Nc3 c6 5. Be3 Nf6 6. Qd2 O-O 7. Bh6 b5 8. b4
Nbd7 9. Bxg7 Kxg7 10. Rd1 Bb7 11. Bd3 Qb6 12. Qe2 a5 13. a3 axb4 14. axb4 Qa7
15. Rb1 Nb6 16. O-O Na4 17. Nxa4 bxa4 18. Ra1 Rfb8 19. Ra3 Ne8 20. Rfa1 Nc7 21.
c4 Bc8 22. b5 cxb5 23. cxb5 Bd7 24. Qa2 Bxb5 25. Bxb5 Nxb5 26. Rxa4 Qxa4 27.
Qxa4 Rxa4 28. Rxa4 Nxd4 29. Ra1 Nxf3+ 30. gxf3 Rb5 {...} 1/2-1/2

[Event "Aust Junior Open "]
[Site "Perth "]
[Date "2004.01.21"]
[Round "8.28"]
[White "Scott, Christopher"]
[Black "Martin, Richard"]
[Result "1/2-1/2"]
[WhiteElo "857"]
[BlackElo "1237"]
[PlyCount "72"]
[EventDate "2004.01.14"]
[EventType "swiss"]
[EventRounds "11"]
[EventCountry "AUS"]

1. e4 e5 2. Nf3 Nc6 3. d4 exd4 4. Nxd4 Nf6 5. Nxc6 bxc6 6. e5 Nd5 7. c4 Nb6 8.
b3 Bb4+ 9. Bd2 Bxd2+ 10. Nxd2 O-O 11. Be2 Qg5 12. O-O Qxe5 13. Re1 Re8 14. Nf3
Qf6 15. Qd2 c5 16. a4 a5 17. Rad1 Bb7 18. Qg5 Qxg5 19. Nxg5 h6 20. Bf3 Bxf3 21.
Nxf3 d6 22. h3 Kf8 23. Nd2 f5 24. f3 Rxe1+ 25. Rxe1 Re8 26. Rxe8+ Kxe8 27. Kf2
Ke7 28. Ke3 g5 29. g3 Ke6 30. f4 c6 31. fxg5 hxg5 32. h4 gxh4 33. gxh4 Nd7 34.
Kf4 Nf6 35. Nf1 Nh5+ 36. Kg5 Ng7 1/2-1/2

[Event "Aust Junior Open "]
[Site "Perth "]
[Date "2004.01.23"]
[Round "9.1"]
[White "Bourmistrov, Denis"]
[Black "Suttor, Vincent"]
[Result "1/2-1/2"]
[WhiteElo "2030"]
[BlackElo "1828"]
[PlyCount "28"]
[EventDate "2004.01.14"]
[EventType "swiss"]
[EventRounds "11"]
[EventCountry "AUS"]

1. d4 Nf6 2. Nf3 g6 3. Nc3 d5 4. Bf4 Bg7 5. e3 O-O 6. Be2 Bg4 7. h3 Bxf3 8.
Bxf3 c6 9. h4 Nbd7 10. h5 Re8 11. hxg6 fxg6 12. Be2 e5 13. dxe5 Nxe5 14. Qd2
Qe7 1/2-1/2

[Event "Aust Junior Open "]
[Site "Perth "]
[Date "2004.01.23"]
[Round "9.2"]
[White "Stojic, Dusan"]
[Black "Neeman, Jeremy"]
[Result "1-0"]
[WhiteElo "1863"]
[BlackElo "1548"]
[PlyCount "81"]
[EventDate "2004.01.14"]
[EventType "swiss"]
[EventRounds "11"]
[EventCountry "AUS"]

1. Nf3 Nf6 2. g3 g6 3. Bg2 Bg7 4. O-O d5 5. d3 O-O 6. Nbd2 d4 7. Nc4 c5 8. a4
Nc6 9. e4 Bg4 10. h3 Be6 11. b3 Nd7 12. Ng5 Bxc4 13. bxc4 h6 14. Nf3 f5 15. Nh4
Kh7 16. exf5 gxf5 17. Rb1 Nb6 18. Nxf5 Qd7 19. Be4 Rxf5 20. g4 e6 21. Qf3 Ne5
22. Qf4 Raf8 23. a5 Na4 24. gxf5 exf5 25. Rxb7 fxe4 26. Rxd7 Rxf4 27. Rxg7+
Kxg7 28. Bxf4 Nc6 29. Ra1 Nc3 30. Bd6 Nb4 31. dxe4 Nxe4 32. Be5+ Kg6 33. Rc1 d3
34. f3 Ng5 35. Kg2 Kf5 36. f4 Nxc2 37. fxg5 Ne3+ 38. Kf3 d2 39. Ra1 d1=Q+ 40.
Rxd1 Nxd1 41. gxh6 1-0

[Event "Aust Junior Open "]
[Site "Perth "]
[Date "2004.01.23"]
[Round "9.3"]
[White "Yu, Michael"]
[Black "Oliver, Gareth"]
[Result "1/2-1/2"]
[WhiteElo "1736"]
[BlackElo "1844"]
[PlyCount "94"]
[EventDate "2004.01.14"]
[EventType "swiss"]
[EventRounds "11"]
[EventCountry "AUS"]

1. e4 e6 2. d4 d5 3. Nc3 Nf6 4. Bg5 dxe4 5. Nxe4 Be7 6. Bxf6 gxf6 7. Nf3 a6 8.
c3 b5 9. Qc2 Bb7 10. O-O-O Qd5 11. Bd3 f5 12. Ned2 Qxa2 13. Nb3 Bxf3 14. gxf3
Bg5+ 15. Nd2 Nc6 16. Bxf5 Na5 17. Qb1 Nb3+ 18. Kc2 Qxb1+ 19. Nxb1 Na1+ 20. Kd3
exf5 21. Rde1+ Kd7 22. Re5 Nb3 23. Rxf5 Be7 24. Re1 f6 25. Kc2 Na5 26. Nd2 Nc4
27. Ne4 Rae8 28. b3 Nd6 29. Nc5+ Kc6 30. Rh5 Bf8 31. Ra1 Ra8 32. Re1 Re8 33.
Ra1 Ra8 34. Re1 h6 35. Re6 Re8 36. Rxf6 Re2+ 37. Kd3 Rxf2 38. Nxa6 Bg7 39. Rg6
Rxf3+ 40. Ke2 Rf7 41. Rc5+ Kb7 42. Rxc7+ Rxc7 43. Nxc7 Kxc7 44. Rxg7+ Kc6 45.
Rg6 Kd5 46. Kd3 Rf8 47. c4+ bxc4+ 1/2-1/2

[Event "Aust Junior Open "]
[Site "Perth "]
[Date "2004.01.23"]
[Round "9.5"]
[White "Wang, Zhengbo"]
[Black "Huang, Justin"]
[Result "1/2-1/2"]
[WhiteElo "1684"]
[BlackElo "1596"]
[PlyCount "60"]
[EventDate "2004.01.14"]
[EventType "swiss"]
[EventRounds "11"]
[EventCountry "AUS"]

1. e4 c6 2. d4 d5 3. exd5 cxd5 4. c4 Nc6 5. Nc3 Nf6 6. Bg5 Be6 7. Nge2 h6 8.
Bxf6 exf6 9. Nf4 Bb4 10. Be2 O-O 11. Bf3 Ne7 12. Qb3 Nc6 13. Qd1 Ne7 14. O-O
Bxc3 15. bxc3 dxc4 16. Bxb7 Rb8 17. Nxe6 fxe6 18. Ba6 Qc7 19. Qe2 Rb6 20. Bxc4
Nd5 21. g3 Rc8 22. Bxd5 exd5 23. Qf3 Rb5 24. Rab1 Ra5 25. Rb3 Qc4 26. Rfb1 Rxa2
27. Rb5 Rc2 28. Qxd5+ Qxd5 29. Rxd5 R2xc3 30. Ra5 Rd3 1/2-1/2

[Event "Aust Junior Open "]
[Site "Perth "]
[Date "2004.01.23"]
[Round "9.6"]
[White "Wei, Michael"]
[Black "Colic, Igor"]
[Result "1-0"]
[WhiteElo "1870"]
[BlackElo "1332"]
[PlyCount "57"]
[EventDate "2004.01.14"]
[EventType "swiss"]
[EventRounds "11"]
[EventCountry "AUS"]

1. e4 e5 2. Nf3 Nf6 3. d4 Nxe4 4. Bd3 d5 5. Nxe5 Bd6 6. O-O O-O 7. c4 c6 8. Nc3
Nxc3 9. bxc3 Bxe5 10. dxe5 dxc4 11. Bxc4 Qxd1 12. Rxd1 Nd7 13. e6 Ne5 14. exf7+
Nxf7 15. Ba3 Re8 16. Rd6 Bf5 17. Rad1 Bc2 18. Rd7 Bg6 19. f4 b5 20. Bb3 a5 21.
f5 Bh5 22. g4 Kh8 23. Bxf7 Bxf7 24. Rxf7 Re2 25. Rdd7 Rxa2 26. Rxg7 Rxa3 27.
Rxh7+ Kg8 28. Rdg7+ Kf8 29. f6 1-0

[Event "Aust Junior Open "]
[Site "Perth "]
[Date "2004.01.23"]
[Round "9.7"]
[White "Wongwitchit, Phachara"]
[Black "Jager, Jesse"]
[Result "1-0"]
[WhiteElo "1773"]
[BlackElo "1598"]
[PlyCount "100"]
[EventDate "2004.01.14"]
[EventType "swiss"]
[EventRounds "11"]
[EventCountry "AUS"]

1. e4 c5 2. Nf3 d6 3. d4 cxd4 4. Nxd4 Nf6 5. Nc3 a6 6. f3 e6 7. Be3 b5 8. Be2
Bb7 9. Qd2 Nbd7 10. g4 Nb6 11. a3 Rc8 12. g5 Nfd7 13. f4 Nc5 14. Bd3 Nc4 15.
Bxc4 bxc4 16. Qg2 Qb6 17. Rb1 Be7 18. O-O O-O 19. f5 exf5 20. Nxf5 Qd8 21. Bd4
Ne6 22. Nh6+ Kh8 23. Rxf7 Nxd4 24. Rxf8+ Qxf8 25. Rf1 Qe8 26. Nf7+ Kg8 27. g6
h6 28. Qd2 Ne6 29. Nxh6+ gxh6 30. Qxh6 Ng5 31. Rf7 Qxf7 32. gxf7+ Kxf7 33. Qh5+
Kg7 34. h4 Rh8 35. Qg4 Bc8 36. Qe2 Rxh4 37. Qxc4 Rg4+ 38. Kf2 Nh3+ 39. Ke3 Bg5+
40. Kd4 Bf6+ 41. Kd5 Rg5+ 42. Kxd6 Be5+ 43. Kc6 Rg6+ 44. Kc5 Bd7 45. Qd3 Rc6+
46. Kb4 Bd6+ 47. Kb3 Be6+ 48. Nd5 Nf4 49. Qg3+ Kh6 50. c4 Ng6 {...} 1-0

[Event "Aust Junior Open "]
[Site "Perth "]
[Date "2004.01.23"]
[Round "9.8"]
[White "Obst, James"]
[Black "Stojic, Svetozar"]
[Result "1/2-1/2"]
[WhiteElo "1539"]
[BlackElo "1700"]
[PlyCount "120"]
[EventDate "2004.01.14"]
[EventType "swiss"]
[EventRounds "11"]
[EventCountry "AUS"]

1. e4 c5 2. Nc3 Nc6 3. f4 g6 4. Nf3 Bg7 5. Bb5 Nd4 6. O-O Nxb5 7. Nxb5 d5 8. e5
a6 9. Nc3 d4 10. Ne4 Qd5 11. d3 Nh6 12. Qe1 O-O 13. Qa5 Bf5 14. Ned2 Qc6 15.
Nb3 b6 16. Qe1 Rad8 17. h3 f6 18. Qh4 Be6 19. Bd2 Nf5 20. Qf2 fxe5 21. fxe5 Bd5
22. Qe1 b5 23. c3 Bxb3 24. axb3 dxc3 25. Bxc3 Rxd3 26. Rc1 Qd5 27. Rd1 Rd8 28.
Rxd3 Qxd3 29. b4 c4 30. Rf2 Qd1 31. Qxd1 Rxd1+ 32. Kh2 Bh6 33. g3 Ne3 34. Nd4
Nd5 35. Nc6 e6 36. Rf3 Nxc3 37. bxc3 Rd3 38. Rf6 Rxc3 39. Rxe6 Rd3 40. Re8+ Kf7
41. Re7+ Kf8 42. e6 Bg5 43. Rf7+ Kg8 44. h4 Bd8 45. Ne5 Rd2+ 46. Kh3 Re2 47. e7
Bxe7 48. Rxe7 c3 49. Rc7 Rxe5 50. Rxc3 Re1 51. Rc6 Ra1 52. Rc7 Ra4 53. Ra7 h5
54. Kg2 Kf8 55. Kf3 Ke8 56. Ke3 Kd8 57. Ke2 Kc8 58. Kd2 Ra3 59. g4 hxg4 60. Rg7
g3 {...} 1/2-1/2

[Event "Aust Junior Open "]
[Site "Perth "]
[Date "2004.01.23"]
[Round "9.9"]
[White "Hu, Jason"]
[Black "Ly, Moulthun"]
[Result "1/2-1/2"]
[WhiteElo "1590"]
[BlackElo "1646"]
[PlyCount "41"]
[EventDate "2004.01.14"]
[EventType "swiss"]
[EventRounds "11"]
[EventCountry "AUS"]

1. c4 e6 2. Nf3 f5 3. d3 Nf6 4. g3 d5 5. Bg2 c6 6. O-O Bd6 7. b3 Qe7 8. Bb2 O-O
9. d4 Bd7 10. e3 Be8 11. Ne5 Bh5 12. Qc2 Nbd7 13. Nd2 Rac8 14. Rac1 Ne4 15. f3
Nxd2 16. Qxd2 Nxe5 17. dxe5 Bc5 18. Bd4 Bb4 19. Bc3 Bc5 20. Bd4 Bb4 21. Bc3
1/2-1/2

[Event "Aust Junior Open "]
[Site "Perth "]
[Date "2004.01.23"]
[Round "9.10"]
[White "Xie, Ken"]
[Black "Ferris, Shaun"]
[Result "1-0"]
[WhiteElo "1802"]
[BlackElo "1641"]
[PlyCount "83"]
[EventDate "2004.01.14"]
[EventType "swiss"]
[EventRounds "11"]
[EventCountry "AUS"]

1. e4 c5 2. Nf3 e6 3. d4 cxd4 4. Nxd4 Nc6 5. Nc3 Qc7 6. Nxc6 bxc6 7. Bd3 e5 8.
O-O Nf6 9. f4 d6 10. Qe1 Be7 11. Qg3 O-O 12. Kh1 Nh5 13. Qf3 Nxf4 14. Bxf4 exf4
15. Qxf4 Bf6 16. Nd1 Rb8 17. c3 Be6 18. Rf2 Rb7 19. b3 a5 20. Rc1 Ra8 21. Ne3
h6 22. Qg3 Bg5 23. Rcf1 Bxe3 24. Qxe3 a4 25. b4 c5 26. a3 Qc8 27. Rd2 cxb4 28.
cxb4 Rc7 29. Bb5 Rc3 30. Rd3 Rxd3 31. Qxd3 Qb7 32. h3 d5 33. e5 Bd7 34. Bxd7
Qxd7 35. Qd4 Qb5 36. Rc1 Rd8 37. Kh2 Qe2 38. Rc5 Qa2 39. e6 Qe2 40. exf7+ Kxf7
41. Rc7+ Ke8 42. Qxg7 1-0

[Event "Aust Junior Open "]
[Site "Perth "]
[Date "2004.01.23"]
[Round "9.11"]
[White "Donaldson, Thomas"]
[Black "Lattimore, Tor"]
[Result "0-1"]
[WhiteElo "1520"]
[BlackElo "1765"]
[PlyCount "112"]
[EventDate "2004.01.14"]
[EventType "swiss"]
[EventRounds "11"]
[EventCountry "AUS"]

1. d4 b6 2. c4 e6 3. a3 Nf6 4. Nc3 Bb7 5. Bg5 Be7 6. e3 c5 7. Nf3 cxd4 8. exd4
d5 9. cxd5 Nxd5 10. Bxe7 Nxe7 11. Bb5+ Bc6 12. Bxc6+ Nbxc6 13. O-O O-O 14. Qd2
Nd5 15. Ne5 Rc8 16. Rfd1 Nxc3 17. bxc3 Nxe5 18. dxe5 Qxd2 19. Rxd2 Rxc3 20. Rd7
a5 21. Rb7 Rb3 22. Rc1 g5 23. g3 Kg7 24. a4 Rb4 25. Rc6 Rxa4 26. Rcxb6 Kg6 27.
Ra7 Kf5 28. Rb5 Ra1+ 29. Kg2 a4 30. Rba5 h5 31. h3 Ke4 32. Rxa4+ Rxa4 33. Rxa4+
Kxe5 34. Ra5+ Kf6 35. Ra6 Rd8 36. Rb6 Rd4 37. Ra6 h4 38. Ra3 hxg3 39. Kxg3 Ke5
40. Ra5+ Rd5 41. Ra8 Kf5 42. Ra3 e5 43. Rf3+ Kg6 44. h4 f5 45. Ra3 Kh5 46. hxg5
Kxg5 47. Ra8 Rd3+ 48. Kg2 Kf4 49. Rh8 e4 50. Re8 Rd6 51. Re7 Rg6+ 52. Kf1 Kf3
53. Ra7 f4 54. Ra3+ e3 55. fxe3 fxe3 56. Ra8 e2+ 0-1

[Event "Aust Junior Open "]
[Site "Perth "]
[Date "2004.01.23"]
[Round "9.12"]
[White "Kimura, Toshi"]
[Black "Yu, Chris"]
[Result "0-1"]
[WhiteElo "1723"]
[BlackElo "1589"]
[PlyCount "68"]
[EventDate "2004.01.14"]
[EventType "swiss"]
[EventRounds "11"]
[EventCountry "AUS"]

1. e4 d5 2. exd5 Qxd5 3. Nc3 Qa5 4. Bc4 Nf6 5. d3 c6 6. Bd2 Qc7 7. Qe2 Bf5 8.
f3 h5 9. Ne4 Nbd7 10. O-O-O e6 11. Re1 O-O-O 12. a3 Nd5 13. g4 hxg4 14. fxg4
Bxe4 15. dxe4 N5b6 16. Ba2 Bd6 17. Nf3 Ne5 18. Bg5 f6 19. Bxe6+ Kb8 20. Be3
Nxf3 21. Qxf3 Rxh2 22. Rxh2 Bxh2 23. Rh1 Be5 24. Bb3 g5 25. Kb1 Qd6 26. Qf2 Nc8
27. c3 Qd7 28. Rd1 Qe7 29. Rf1 b6 30. Qe2 Qh7 31. c4 c5 32. Ba4 Qxe4+ 33. Bc2
Qc6 34. Bxg5 Re8 {...} 0-1

[Event "Aust Junior Open "]
[Site "Perth "]
[Date "2004.01.23"]
[Round "9.13"]
[White "Lugo, Ruperto"]
[Black "Vijaykumar, Rukman"]
[Result "1-0"]
[WhiteElo "1697"]
[BlackElo "1577"]
[PlyCount "117"]
[EventDate "2004.01.14"]
[EventType "swiss"]
[EventRounds "11"]
[EventCountry "AUS"]

1. Nf3 Nf6 2. d4 e6 3. g3 d5 4. Bg2 Be7 5. O-O O-O 6. Nbd2 c5 7. c3 Nbd7 8. Re1
b6 9. e4 dxe4 10. Nxe4 Nxe4 11. Rxe4 Bb7 12. Re1 cxd4 13. Nxd4 Bxg2 14. Kxg2
Rc8 15. Be3 Nf6 16. Kg1 Nd5 17. Qf3 Nxe3 18. Rxe3 Qc7 19. Rd1 Rcd8 20. Red3 Bf6
21. Qe4 a6 22. Nf3 Rxd3 23. Rxd3 Rd8 24. Rxd8+ Qxd8 25. Qb7 a5 26. Kg2 h6 27.
Qc6 Kh7 28. Qb7 Kg8 29. Qc6 Kh7 30. b4 Be7 31. bxa5 bxa5 32. Ne5 Qd5+ 33. Qxd5
exd5 34. Nc6 Bc5 35. Nxa5 Kg8 36. Kf3 Kf8 37. Nb3 Ba7 38. Nd4 g6 39. Nc6 Bb6
40. Nb4 d4 41. c4 Ke8 42. Ke4 Kd7 43. Kd5 Ba5 44. Nd3 Bc3 45. a4 h5 46. c5 g5
47. c6+ Kc7 48. Kc5 f5 49. Kb5 h4 50. gxh4 gxh4 51. h3 Bd2 52. a5 Bxa5 53. Kxa5
Kxc6 54. f3 Kd6 55. Kb4 Ke6 56. Kc5 Kf6 57. Kxd4 Kg6 58. Ke5 Kg5 59. f4+ 1-0

[Event "Aust Junior Open "]
[Site "Perth "]
[Date "2004.01.23"]
[Round "9.14"]
[White "Tran, Christopher"]
[Black "Zvedeniouk, Ilia"]
[Result "1/2-1/2"]
[WhiteElo "1516"]
[BlackElo "1922"]
[PlyCount "47"]
[EventDate "2004.01.14"]
[EventType "swiss"]
[EventRounds "11"]
[EventCountry "AUS"]

1. d4 Nf6 2. Bg5 e6 3. e4 d5 4. Nd2 Be7 5. Bd3 dxe4 6. Nxe4 Nxe4 7. Bxe7 Qxe7
8. Bxe4 Qb4+ 9. Kf1 Qxb2 10. Ne2 c6 11. h4 Nd7 12. Rh3 Qb4 13. Rg3 Nf6 14. Bd3
O-O 15. c3 Qe7 16. Nf4 Bd7 17. Qf3 Rac8 18. Re1 b6 19. Re5 h6 20. Nh5 Nxh5 21.
Rxh5 f5 22. Rxh6 Rf6 23. Qh5 Rxh6 24. Qxh6 1/2-1/2

[Event "Aust Junior Open "]
[Site "Perth "]
[Date "2004.01.23"]
[Round "9.15"]
[White "Song, Raymond"]
[Black "Kaspar, Ric"]
[Result "1-0"]
[WhiteElo "1790"]
[BlackElo "1436"]
[PlyCount "63"]
[EventDate "2004.01.14"]
[EventType "swiss"]
[EventRounds "11"]
[EventCountry "AUS"]

1. Nf3 c5 2. e4 d6 3. d4 cxd4 4. Nxd4 Nf6 5. Nc3 g6 6. f4 Qc7 7. Bd3 Bg7 8. Nf3
Bg4 9. h3 Bxf3 10. Qxf3 a6 11. O-O O-O 12. Be3 Nc6 13. a3 b5 14. Kh1 b4 15. Nd5
Nxd5 16. exd5 Nd4 17. Qf2 Nb5 18. a4 Na7 19. Rab1 Nc8 20. b3 a5 21. Rbe1 Rb8
22. f5 Nb6 23. Bxb6 Rxb6 24. Rxe7 Qxe7 25. Qxb6 Ra8 26. Qf2 Rf8 27. f6 Qe5 28.
fxg7 Kxg7 29. Bc4 f5 30. Qa7+ Rf7 31. Qxa5 Qc3 32. Qd8 1-0

[Event "Aust Junior Open "]
[Site "Perth "]
[Date "2004.01.23"]
[Round "9.16"]
[White "Cronan, James"]
[Black "Vishwanath, Ganesh"]
[Result "1-0"]
[WhiteElo "1760"]
[BlackElo "1551"]
[PlyCount "103"]
[EventDate "2004.01.14"]
[EventType "swiss"]
[EventRounds "11"]
[EventCountry "AUS"]

1. Nf3 Nf6 2. c4 g6 3. d4 Bg7 4. Nc3 O-O 5. Bf4 d6 6. h3 Nbd7 7. e3 Re8 8. Be2
Nh5 9. Bh2 e5 10. O-O c6 11. b4 Qe7 12. Rc1 f5 13. c5 d5 14. Nxe5 Nxe5 15. dxe5
Bxe5 16. Bxh5 gxh5 17. Qxh5 Kh8 18. Ne2 Rg8 19. Rfd1 Bd7 20. Bxe5+ Qxe5 21. Rd4
Rg7 22. Nf4 Rag8 23. Kf1 Rg5 24. Qd1 Be8 25. g3 Bf7 26. Qf3 Qe8 27. Nd3 Bh5 28.
Qf4 Qb8 29. b5 Bf7 30. Ne5 Be6 31. bxc6 bxc6 32. Nxc6 Qb5+ 33. Kg1 Qxc6 34. Rb4
h5 35. Qe5+ Kh7 36. a4 R8g7 37. Rh4 Bc8 38. Kh2 Bb7 39. Rg1 Qxc5 40. f4 R5g6
41. Rxh5+ Rh6 42. Qxf5+ Rgg6 43. Rxh6+ Kxh6 44. Qe5 Kh7 45. f5 Rg5 46. g4 Qc2+
47. Rg2 Qxa4 48. Qf6 Rg8 49. g5 Qe8 50. g6+ Kh6 51. Qh4+ Kg7 52. Qh7+ 1-0

[Event "Aust Junior Open "]
[Site "Perth "]
[Date "2004.01.23"]
[Round "9.17"]
[White "Rozells, Nathan"]
[Black "Chapman, Mark"]
[Result "1/2-1/2"]
[WhiteElo "1497"]
[BlackElo "1639"]
[PlyCount "73"]
[EventDate "2004.01.14"]
[EventType "swiss"]
[EventRounds "11"]
[EventCountry "AUS"]

1. e4 c5 2. Nf3 d6 3. d4 cxd4 4. Nxd4 Nf6 5. Nc3 a6 6. Bc4 e6 7. Bb3 Nbd7 8.
O-O Nc5 9. Re1 b5 10. Bg5 Bb7 11. Bd5 Qc7 12. Bxb7 Qxb7 13. f3 Be7 14. Be3 O-O
15. Qe2 Rfc8 16. Qf2 b4 17. Nce2 Nfd7 18. Qg3 Ne5 19. Nf4 a5 20. Nb3 Nxb3 21.
axb3 Qb5 22. Ne2 Ng6 23. Nd4 Qa6 24. Bg5 Bxg5 25. Qxg5 Qb6 26. Qe3 Qc5 27. c4
bxc3 28. bxc3 Ne7 29. c4 Nc6 30. Nxc6 Rxc6 31. Qxc5 Rxc5 32. Red1 Rd8 33. Kf2
Kf8 34. Ke3 Ke7 35. g4 h5 36. h3 hxg4 37. hxg4 1/2-1/2

[Event "Aust Junior Open "]
[Site "Perth "]
[Date "2004.01.23"]
[Round "9.18"]
[White "van Heerden, Daniel"]
[Black "Levin, Joshua"]
[Result "1/2-1/2"]
[WhiteElo "1532"]
[BlackElo "1464"]
[PlyCount "39"]
[EventDate "2004.01.14"]
[EventType "swiss"]
[EventRounds "11"]
[EventCountry "AUS"]

1. c4 c5 2. Nc3 Nf6 3. Nf3 Nc6 4. d4 cxd4 5. Nxd4 g6 6. e4 d6 7. Be3 Bg7 8. Bd3
O-O 9. Qd2 Bd7 10. Nxc6 Bxc6 11. Bh6 Qa5 12. Bxg7 Kxg7 13. O-O Qe5 14. Rae1 Ng4
15. f4 Qd4+ 16. Kh1 Rad8 17. h3 Nf6 18. Qe3 Qxe3 19. Rxe3 e6 20. Bc2 1/2-1/2

[Event "Aust Junior Open "]
[Site "Perth "]
[Date "2004.01.23"]
[Round "9.20"]
[White "van Dijk, Devrim"]
[Black "Chu, Louis"]
[Result "1-0"]
[WhiteElo "1530"]
[BlackElo "1125"]
[PlyCount "57"]
[EventDate "2004.01.14"]
[EventType "swiss"]
[EventRounds "11"]
[EventCountry "AUS"]

1. d4 Nf6 2. Nf3 g6 3. Nc3 d5 4. Bf4 Bg7 5. e3 Nbd7 6. Be2 O-O 7. Ne5 e6 8. h4
Nxe5 9. dxe5 Nd7 10. h5 Nxe5 11. hxg6 fxg6 12. Bd3 Nxd3+ 13. Qxd3 c6 14. O-O-O
e5 15. Bh6 Bf5 16. Qe2 Qe7 17. Rh2 Bxh6 18. Rxh6 Qg5 19. Rdh1 Rf7 20. f3 d4 21.
Qc4 Qxe3+ 22. Kb1 g5 23. Ne4 Raf8 24. Nd6 Bg6 25. Nxf7 Rxf7 26. Qe6 d3 27.
Rxg6+ hxg6 28. Qe8+ Kg7 29. Qh8# 1-0

[Event "Aust Junior Open "]
[Site "Perth "]
[Date "2004.01.23"]
[Round "9.21"]
[White "Haselgrove, Miles"]
[Black "Sreetharan, Kishore"]
[Result "0-1"]
[WhiteElo "1434"]
[BlackElo "1509"]
[PlyCount "66"]
[EventDate "2004.01.14"]
[EventType "swiss"]
[EventRounds "11"]
[EventCountry "AUS"]

1. e4 d5 2. exd5 Nf6 3. d4 Bg4 4. f3 Bf5 5. Bb5+ Nbd7 6. c4 e6 7. dxe6 Bxe6 8.
d5 Bf5 9. Ne2 Bb4+ 10. Bd2 Qe7 11. Bxb4 Qxb4+ 12. Qd2 Qxd2+ 13. Nxd2 O-O-O 14.
Bxd7+ Nxd7 15. O-O Ne5 16. b3 h5 17. Ne4 Rhe8 18. N2c3 h4 19. h3 Nd3 20. Rad1
Nf4 21. Rfe1 Kb8 22. Ne2 Nh5 23. Nd4 Bg6 24. Kf2 Nf4 25. Nc5 Kc8 26. Ne2 Nh5
27. Nd3 Bh7 28. Nef4 Nf6 29. Rxe8 Rxe8 30. Re1 g5 31. Rxe8+ Nxe8 32. Ke3 gxf4+
33. Nxf4 Bb1 0-1

[Event "Aust Junior Open "]
[Site "Perth "]
[Date "2004.01.23"]
[Round "9.22"]
[White "Muthusamy, Reubban"]
[Black "Guo Yuthok, Sherab"]
[Result "1-0"]
[WhiteElo "1389"]
[BlackElo "1482"]
[PlyCount "79"]
[EventDate "2004.01.14"]
[EventType "swiss"]
[EventRounds "11"]
[EventCountry "AUS"]

1. e4 d6 2. d4 Nf6 3. Nc3 g6 4. Be3 c6 5. Qd2 b5 6. Bd3 a5 7. h3 Nbd7 8. Nf3
Ba6 9. a4 b4 10. Ne2 Nb6 11. b3 Qc7 12. Rc1 Qb7 13. c3 Rd8 14. Bxa6 Qxa6 15.
cxb4 axb4 16. Rxc6 Qb7 17. d5 Nbd7 18. Ng3 e6 19. O-O h5 20. h4 Ng4 21. Bf4
Nde5 22. Bxe5 Nxe5 23. Nxe5 dxe5 24. Rd1 exd5 25. exd5 Bh6 26. Qe2 O-O 27. Nxh5
Rxd5 28. Nf6+ Kg7 29. Nxd5 Qxc6 30. Qxe5+ f6 31. Qe7+ Rf7 32. Qxb4 Rd7 33. Qc4
Qd6 34. Nc3 Qc7 35. Qxc7 Rxc7 36. Nb5 Re7 37. a5 Bf4 38. b4 Bb8 39. g3 Ba7 40.
Rd5 1-0

[Event "Aust Junior Open "]
[Site "Perth "]
[Date "2004.01.23"]
[Round "9.23"]
[White "Wallis, Christopher"]
[Black "Humphries, Ryan"]
[Result "1-0"]
[WhiteElo "1430"]
[BlackElo "1238"]
[PlyCount "83"]
[EventDate "2004.01.14"]
[EventType "swiss"]
[EventRounds "11"]
[EventCountry "AUS"]

1. e4 c5 2. Nf3 d6 3. Bb5+ Bd7 4. Bxd7+ Nxd7 5. O-O Ngf6 6. Qe2 e6 7. c3 Be7 8.
d4 cxd4 9. cxd4 O-O 10. Nc3 Qa5 11. Bd2 Qb6 12. Rac1 Rfc8 13. Rc2 Rc6 14. Be3
Qa5 15. Qd2 Rac8 16. Rfc1 Nxe4 17. Nxe4 Qxd2 18. Rxc6 Qxb2 19. Rxc8+ Nf8 20.
Re8 d5 21. Rxe7 dxe4 22. Re8 exf3 23. Rcc8 Qb1+ 24. Bc1 Qb4 25. Rxf8+ Qxf8 26.
Rxf8+ Kxf8 27. gxf3 Ke7 28. Kf1 Kd6 29. Ke2 Kd5 30. Kd3 b5 31. Bd2 f5 32. f4 a6
33. Ba5 Kc6 34. Kc3 Kd5 35. f3 Kc6 36. Kb4 Kd5 37. Bb6 Kc6 38. Bc5 Kd5 39. Ka5
g5 40. fxg5 e5 41. dxe5 Kxc5 42. f4 1-0